| 000 | 00345nam a2200133Ia 4500 | ||
|---|---|---|---|
| 005 | 20260328104309.0 | ||
| 008 | 260328s9999||||xx |||||||||||||| ||und|| | ||
| 100 | _aMarferto de Fabianis, Valeria | ||
| 245 | 0 |
_aMotocicletas / _cValeria Marferto de Fabianis |
|
| 260 | _bLuppa | ||
| 300 | _a503 p. | ||
| 650 | _aDISEÑO INDUSTRIAL | ||
| 942 | _cBK | ||
| 999 |
_c10868 _d10868 |
||